01427ngm a2200337 u 450000100070000000500170000700700060002400800410003003500110007104000130008204100080009508000080010310000430011124501020015426000790025630000420033552002260037765000220060365000160062565000280064165000200066965000340068965000230072365000120074670000380075870000400079670000380083670000330087470000350090778701470094285476220260506152130.0vf|||031119s2003 spa  a854762 ccomduadb aspa aVHS10aPineda Santis, Hermes Rafael4reseres10aConservacion de reproductores de peces en zonas de pesca natural y su manejo genetico en estanque aMedellín :bUniversidad de Antioquia, Facultad de Comunicaciones,c2003. a1 videocasete (12 min.) ; son., color3 aResumen : La conservacion de especies nativas como la cachama en Colombia en forma natural, para la reproduccion, alimentacion y pesca. Proyecto de Colciencias 111509 10859 de fisiologia y biotecnologia de la reproduccion 7aAcuicultura2lemb 7aPeces2lemb aEvaluación genética aPesca artesanal 7aReproducción de peces2lemb 7aPiscicultura2lemb aCachama10aOlivera Ángel, Martha4clbeclb10aTrujillo Bravo, Esperanza4clbeclb10aUrcuqui Inchima, Silvio4clbeclb10aBuiles Gomez, Juan4clbeclb10aPareja Molina, Diego4clbeclb08iDisponible en otros formatostConservacion de reproductores de peces en zonas de pesca natural y su manejo genetico en estanqued2003w1132543